Geography Quiz

Random Geography or State Quiz

50 States Quiz Stats

 Plays Quiz not verified by Sporcle

Challenge
Share
Tweet
Score 0/50 Timer 03:00
0 Plays Today
State Names % Correct
Alabama
100%
Alaska
100%
Arizona
100%
Colorado
100%
Connecticut
100%
Hawaii
100%
Kansas
100%
Maine
100%
Maryland
100%
Massachusetts
100%
Montana
100%
North Carolina
100%
Ohio
100%
South Carolina
100%
Vermont
100%
Wisconsin
100%
Wyoming
100%
Arkansas
94.7%
California
94.7%
Delaware
94.7%
Florida
94.7%
Georgia
94.7%
Idaho
94.7%
Iowa
94.7%
Kentucky
94.7%
State Names % Correct
Michigan
94.7%
Mississippi
94.7%
Missouri
94.7%
Nebraska
94.7%
Nevada
94.7%
New Hampshire
94.7%
New Mexico
94.7%
New York
94.7%
North Dakota
94.7%
Oregon
94.7%
Pennsylvania
94.7%
Rhode Island
94.7%
South Dakota
94.7%
Tennessee
94.7%
Texas
94.7%
Virginia
94.7%
Washington
94.7%
West Virginia
94.7%
Louisiana
89.5%
Minnesota
89.5%
Utah
89.5%
Indiana
84.2%
New Jersey
84.2%
Oklahoma
84.2%
Illinois
78.9%

You're not logged in!

Compare scores with friends on all Sporcle quizzes.
Join for Free
OR
Log In

You Might Also Like...

Show Comments

Extras

Created Nov 15, 2010ReportFavoriteNominate
Tags:State Quiz

Top Quizzes Today


Score Distribution

Your Account Isn't Verified!

In order to create a playlist on Sporcle, you need to verify the email address you used during registration. Go to your Sporcle Settings to finish the process.

Report this User

Report this user for behavior that violates our Community Guidelines.

Details: